[Event "13. Lichtenberger Sommer"]
[Site "?"]
[Date "2014.08.16"]
[Round "1.53"]
[White "Schmidt, Markus"]
[Black "Weiß, Daniel"]
[Result "1-0"]
[WhiteElo "2097"]
[BlackElo "1741"]
[PlyCount "75"]
[EventDate "2014.??.??"]
[WhiteTeam "SK Turm Bad Hersfeld"]
[BlackTeam "Sfr.Nord-Ost Berlin"]

1. Nf3 Nf6 2. d4 g6 3. g3 Bg7 4. Bg2 O-O 5. O-O d6 6. c4 Nc6 7. Nc3 e5 8. d5
Ne7 9. e4 Nh5 10. Bd2 f5 11. Ng5 Nf6 12. Qc2 h6 13. Ne6 Bxe6 14. dxe6 c6 15.
Bh3 Ne8 16. f4 exf4 17. Bxf4 fxe4 18. Nxe4 d5 19. Nf2 Qb6 20. Kg2 Rxf4 21. gxf4
Qe3 22. Ng4 Qc5 23. Ne5 dxc4 24. Qxc4 Qxc4 25. Nxc4 b5 26. Ne5 g5 27. Nd3 Nd5
28. Rae1 Bd4 29. Kf3 Nef6 30. fxg5 hxg5 31. e7 Kg7 32. Bd7 Ne3 33. Bxc6 Rc8 34.
Rxe3 Bxe3 35. Kxe3 Ng4+ 36. Ke2 Rxc6 37. e8=Q Rc2+ 38. Kd1 1-0

[Event "13. Lichtenberger Sommer"]
[Site "?"]
[Date "2014.08.16"]
[Round "1.54"]
[White "Bollenbach, Horst"]
[Black "Amelang, Thomas"]
[Result "0-1"]
[WhiteElo "1752"]
[BlackElo "2109"]
[PlyCount "68"]
[EventDate "2014.??.??"]
[WhiteTeam "SC Friesen Lichtenberg e.V."]
[BlackTeam "SK Siemens München"]

1. Nf3 g6 2. e4 Bg7 3. d4 d6 4. Nc3 Nf6 5. Be2 c6 6. O-O O-O 7. h3 Nbd7 8. Be3
Qc7 9. Qd2 b5 10. a3 Bb7 11. Bh6 a6 12. Bxg7 Kxg7 13. b4 c5 14. bxc5 dxc5 15.
e5 Nd5 16. Nxd5 Bxd5 17. c3 Rfd8 18. Qg5 Nf8 19. Nh4 Ne6 20. Qg4 cxd4 21. cxd4
Qc2 22. Rad1 h5 23. Nf5+ Qxf5 24. Qxf5 gxf5 25. Bxh5 Bc4 26. Rfe1 Rxd4 27. Rxd4
Nxd4 28. Re3 Kh6 29. Bd1 a5 30. f4 b4 31. g4 a4 32. g5+ Kg7 33. h4 b3 34. h5 b2
0-1

[Event "13. Lichtenberger Sommer"]
[Site "?"]
[Date "2014.08.16"]
[Round "1.55"]
[White "Badestein, Hartmut"]
[Black "Fuchs, Linda"]
[Result "1-0"]
[WhiteElo "2066"]
[BlackElo "1596"]
[PlyCount "49"]
[EventDate "2014.??.??"]
[WhiteTeam "SC Friesen Lichtenberg e.V."]
[BlackTeam "SC Untergrombach 46"]

1. e4 c6 2. d4 d5 3. exd5 cxd5 4. Bd3 Nf6 5. Nf3 Nc6 6. h3 e6 7. O-O Bd6 8. Re1
h6 9. c3 O-O 10. Ne5 Ne7 11. Nd2 b6 12. Nf1 Bb7 13. Ng3 a6 14. Qf3 Nc6 15. Nh5
Be7 16. Bxh6 Nxh5 17. Qxh5 Nxe5 18. Rxe5 f5 19. Qg6 Bf6 20. Rxe6 Bc8 21. Bxf5
Bxe6 22. Bxe6+ Kh8 23. Bxg7+ Bxg7 24. Qh5+ Bh6 25. Qxh6# 1-0

[Event "13. Lichtenberger Sommer"]
[Site "?"]
[Date "2014.08.16"]
[Round "1.56"]
[White "Woinowski, Michael"]
[Black "Zschäbitz, Klaus"]
[Result "1/2-1/2"]
[WhiteElo "1731"]
[BlackElo "2064"]
[PlyCount "96"]
[EventDate "2014.??.??"]
[WhiteTeam "SC Kreuzberg e.V."]
[BlackTeam "BSG 1827 Eckbauer e.V."]

1. e4 e6 2. d4 d5 3. exd5 exd5 4. c4 Nf6 5. Nc3 c6 6. Nf3 Bd6 7. Be2 h6 8. Qb3
dxc4 9. Bxc4 O-O 10. O-O Nbd7 11. Re1 Nb6 12. Bd3 Be6 13. Qc2 Nbd5 14. a3 Nxc3
15. Qxc3 a5 16. Bd2 Qb6 17. Qc1 Qb3 18. Bb1 Qd5 19. Ba2 Qf5 20. Bxe6 fxe6 21.
Ne5 Ne4 22. Nf3 Bc7 23. b4 axb4 24. Bxb4 Rf6 25. Qe3 Nd6 26. Rac1 Qg6 27. Ne5
Qh5 28. Nd7 Rg6 29. Qf4 Nb5 30. Ne5 Rf6 31. Qe3 Rd8 32. Rc5 Bd6 33. Rc4 Bb8 34.
h3 Nd6 35. Rc5 Nf5 36. Ng4 Rg6 37. Qe4 Ba7 38. Re5 Rxd4 39. Qe2 Qh4 40. Rxe6
Qg5 41. Rxg6 Qxg6 42. Qe8+ Qxe8 43. Rxe8+ Kf7 44. Rf8+ Ke6 45. Re8+ Kd7 46. Rf8
Ke6 47. Re8+ Kd7 48. Rf8 Ke6 1/2-1/2

[Event "13. Lichtenberger Sommer"]
[Site "?"]
[Date "2014.08.16"]
[Round "1.58"]
[White "Kasper, Peter"]
[Black "Kapr, Klaus"]
[Result "0-1"]
[WhiteElo "1764"]
[BlackElo "2069"]
[PlyCount "32"]
[EventDate "2014.??.??"]
[WhiteTeam "SG Eckturm"]
[BlackTeam "SC Friesen Lichtenberg e.V."]

1. e4 d5 2. exd5 Qxd5 3. Nc3 Qa5 4. Nf3 Nf6 5. d4 Bf5 6. Bd3 e6 7. O-O c6 8.
Re1 Bxd3 9. Qxd3 Nbd7 10. a3 Be7 11. Bg5 O-O 12. Ne5 Rad8 13. Ne4 Nxe5 14.
Nxf6+ Bxf6 15. Qg3 Nf3+ 16. Qxf3 Qxg5 0-1

[Event "13. Lichtenberger Sommer"]
[Site "?"]
[Date "2014.08.16"]
[Round "1.59"]
[White "Püschel, Werner"]
[Black "Engelhardt, Erhard"]
[Result "1-0"]
[WhiteElo "2093"]
[BlackElo "1799"]
[PlyCount "111"]
[EventDate "2014.??.??"]
[WhiteTeam "SG Lasker Steglitz-Wilmersdorf"]
[BlackTeam "SSV Rotation Berlin e.V."]

1. e4 d5 2. exd5 Qxd5 3. Nc3 Qd6 4. d4 Nf6 5. Nf3 c6 6. Be2 Bf5 7. h3 e6 8. a3
Be7 9. Bg5 Nbd7 10. Bh4 Qc7 11. Bd3 Bxd3 12. Qxd3 h6 13. Bg3 Bd6 14. Bxd6 Qxd6
15. O-O-O O-O-O 16. Kb1 Qc7 17. Rhe1 Rhe8 18. Qe2 Nd5 19. Nxd5 cxd5 20. Rd3 Kb8
21. Rc3 Qd6 22. Ne5 Nxe5 23. dxe5 Qd7 24. Qg4 g6 25. Rf3 h5 26. Qf4 Re7 27. g4
hxg4 28. hxg4 Rh8 29. Qf6 Qe8 30. Rd1 Rc7 31. Rfd3 Qd8 32. Qf4 Qe8 33. Qg3 Qe7
34. f4 Qh4 35. Qf3 Qe7 36. f5 gxf5 37. gxf5 Qg5 38. Rf1 Rh2 39. c3 Qg2 40. Qxg2
Rxg2 41. fxe6 fxe6 42. Rf8+ Rc8 43. Rf6 Re8 44. Rh3 Rg5 45. Rh7 Rxe5 46. Rff7
Re1+ 47. Ka2 e5 48. Rxb7+ Ka8 49. Rxa7+ Kb8 50. Rad7 Rd1 51. a4 e4 52. a5 e3
53. Rb7+ Ka8 54. Ra7+ Kb8 55. Rhb7+ Kc8 56. a6 1-0

[Event "13. Lichtenberger Sommer"]
[Site "?"]
[Date "2014.08.16"]
[Round "1.60"]
[White "Krawatzki, Armin"]
[Black "Issel, Oliver"]
[Result "0-1"]
[WhiteElo "1689"]
[BlackElo "2071"]
[PlyCount "49"]
[EventDate "2014.??.??"]
[WhiteTeam "SVG Läufer Reinickendorf e.V."]

1. Nf3 b6 2. g3 Bb7 3. Bg2 g6 4. d4 Bg7 5. O-O e6 6. c4 d6 7. Nc3 Ne7 8. e4 Nd7
9. Be3 a6 10. Qc2 c5 11. d5 exd5 12. cxd5 b5 13. Nd2 O-O 14. Bh3 Qc7 15. f4 f5
16. exf5 gxf5 17. Rad1 b4 18. Ne2 Nxd5 19. Bf2 Rae8 20. Nc4 N7b6 21. b3 Kh8 22.
Bg2 Nxc4 23. bxc4 Ne3 24. Bxe3 Bxg2 25. Bxc5 0-1

[Event "13. Lichtenberger Sommer"]
[Site "?"]
[Date "2014.08.16"]
[Round "1.61"]
[White "Kupfer, Michael"]
[Black "Dietzel, Uwe"]
[Result "1-0"]
[WhiteElo "2059"]
[BlackElo "1705"]
[PlyCount "71"]
[EventDate "2014.??.??"]
[WhiteTeam "SC Friesen Lichtenberg e.V."]
[BlackTeam "TSV Lichtentanne SAbt"]

1. e4 e6 2. d4 d5 3. Nd2 Nc6 4. Ngf3 Nf6 5. e5 Nd7 6. Nb3 Be7 7. Bb5 O-O 8. O-O
a6 9. Bxc6 bxc6 10. Na5 Nb8 11. a3 c5 12. dxc5 Bxc5 13. Qd3 Be7 14. Rd1 c5 15.
b4 c4 16. Qe2 Qc7 17. Nd4 Re8 18. f4 f5 19. Be3 Bf8 20. Kh1 Bd7 21. Rg1 Nc6 22.
Naxc6 Bxc6 23. g4 Bd7 24. Rg3 g6 25. gxf5 exf5 26. Qg2 Qb7 27. Rg1 Re7 28. h4
Rae8 29. h5 Bc8 30. hxg6 hxg6 31. Rxg6+ Rg7 32. Rxg7+ Bxg7 33. Qg6 Qf7 34. Rg5
Qxg6 35. Rxg6 Kf7 36. Rc6 1-0

[Event "13. Lichtenberger Sommer"]
[Site "?"]
[Date "2014.08.16"]
[Round "1.62"]
[White "Schweitzer, Paul"]
[Black "Kornrumpf, Joachim"]
[Result "0-1"]
[WhiteElo "1712"]
[BlackElo "2061"]
[PlyCount "86"]
[EventDate "2014.??.??"]
[WhiteTeam "SV Königsjäger Süd-West e.V."]
[BlackTeam "Preetzer TSV"]

1. Nf3 Nf6 2. c4 c5 3. g3 b6 4. Nc3 Bb7 5. Bh3 e6 6. O-O Be7 7. d4 cxd4 8. Nxd4
O-O 9. Bg5 a6 10. Rc1 Qc7 11. e3 Re8 12. b3 Nc6 13. f3 Rac8 14. Nde2 Ne5 15.
Nd4 Qb8 16. f4 Nc6 17. Nc2 h6 18. Bxf6 Bxf6 19. Ne4 Be7 20. Nf2 Rcd8 21. a3 d5
22. Qh5 dxc4 23. bxc4 Na5 24. Nd4 Bf6 25. Ng4 Bxd4 26. exd4 Qd6 27. Rfd1 Qxa3
28. Bg2 Bxg2 29. Kxg2 Nxc4 30. Kh3 b5 31. Ra1 Qd6 32. Ne5 Nxe5 33. dxe5 Qb6 34.
Qh4 Rxd1 35. Rxd1 b4 36. Qh5 Qb5 37. g4 Qe2 38. Rd7 Qf3+ 39. Kh4 Qxf4 40. Kh3
Rc8 41. Rd3 Qf1+ 42. Kg3 Qxd3+ 43. Kh4 Rc3 0-1

[Event "13. Lichtenberger Sommer"]
[Site "?"]
[Date "2014.08.16"]
[Round "1.63"]
[White "Kollberg, Lothar"]
[Black "Reiser, Ralf"]
[Result "1/2-1/2"]
[WhiteElo "2138"]
[BlackElo "1755"]
[PlyCount "95"]
[EventDate "2014.??.??"]
[WhiteTeam "SC Zugzwang 95 e.V."]
[BlackTeam "Schachunion Berlin e.V."]

1. d4 Nf6 2. c4 e6 3. Nc3 Bb4 4. e3 c5 5. Bd3 O-O 6. Nf3 b6 7. e4 cxd4 8. Nxd4
Bb7 9. e5 Ne4 10. Qc2 Bxc3+ 11. bxc3 f5 12. exf6 Nxf6 13. O-O Na6 14. Nb3 Qc7
15. Qe2 Rac8 16. a4 Rfe8 17. Bg5 Rf8 18. a5 Nc5 19. Nxc5 Qxc5 20. Be3 Qc6 21.
f3 bxa5 22. Rxa5 Ba6 23. Bc5 Rfe8 24. Rfa1 d5 25. Bxa7 Bxc4 26. Rc5 Bxd3 27.
Qxd3 Qb7 28. Rxc8 Rxc8 29. Bd4 Ra8 30. Rb1 Qe7 31. Qe3 Nd7 32. Re1 Re8 33. f4
Nf6 34. h3 Ne4 35. Ra1 Qf7 36. Ra7 Re7 37. Ra8+ Re8 38. Ra6 h6 39. Kh2 g5 40.
fxg5 hxg5 41. Ra7 Re7 42. Ra8+ Re8 43. Rxe8+ Qxe8 44. Be5 Qf7 45. Qb6 Kh7 46.
Qd8 Kg6 47. Qh8 Qh7 48. Qf8 1/2-1/2

[Event "13. Lichtenberger Sommer"]
[Site "?"]
[Date "2014.08.16"]
[Round "1.64"]
[White "Feyer, Leon"]
[Black "Witte, Ronald"]
[Result "1/2-1/2"]
[WhiteElo "1660"]
[BlackElo "2052"]
[PlyCount "67"]
[EventDate "2014.??.??"]
[WhiteTeam "SV Empor Berlin e.V."]
[BlackTeam "BSV 63 Chemie Weißensee"]

1. e4 c5 2. Nf3 d6 3. c3 Nf6 4. Bd3 Nc6 5. Bc2 e5 6. O-O Bg4 7. d3 Be7 8. Nbd2
d5 9. Qe2 d4 10. Rd1 O-O 11. h3 Be6 12. Nf1 h6 13. Ng3 Bd6 14. Nh4 Ne7 15. Nhf5
Nxf5 16. Nxf5 Bxf5 17. exf5 Bc7 18. Bb3 Qd6 19. Re1 Rfe8 20. f3 Rad8 21. Bd2
Qd7 22. g4 dxc3 23. Bxc3 Qxd3 24. Qxd3 Rxd3 25. Kf2 b5 26. Rad1 Rxd1 27. Rxd1
b4 28. Be1 e4 29. Ba4 Re7 30. Bc6 exf3 31. Kxf3 g5 32. Bf2 Bb6 33. Rc1 Rc7 34.
Bb5 1/2-1/2

[Event "13. Lichtenberger Sommer"]
[Site "?"]
[Date "2014.08.16"]
[Round "1.65"]
[White "Schulz, Wolfgang"]
[Black "Dinslage, Klaus-Dieter"]
[Result "1-0"]
[WhiteElo "2074"]
[BlackElo "1721"]
[PlyCount "50"]
[EventDate "2014.??.??"]
[WhiteTeam "Hamburger SK von 1830 eV"]
[BlackTeam "Bahn-Schachclub Wuppertal"]

1. e4 e5 2. Nf3 Nc6 3. Bb5 d6 4. c3 Bd7 5. O-O Nf6 6. Re1 Be7 7. d3 O-O 8. Nbd2
a6 9. Ba4 b5 10. Bc2 h6 11. Nf1 Nh7 12. Ng3 Ng5 13. h3 f5 14. Nxf5 Bxf5 15.
exf5 Rxf5 16. Bb3+ Kh8 17. Bd5 Qd7 18. Nh4 Rf6 19. Qg4 Qe8 20. Bxg5 hxg5 21.
Qe4 gxh4 22. Bxc6 d5 23. Qxh4+ Rh6 24. Qxh6+ gxh6 25. Bxe8 Rxe8 1-0

[Event "13. Lichtenberger Sommer"]
[Site "?"]
[Date "2014.08.16"]
[Round "1.66"]
[White "Hommel, Niclas"]
[Black "Kutschke, Jens"]
[Result "0-1"]
[WhiteElo "1575"]
[BlackElo "2014"]
[PlyCount "46"]
[EventDate "2014.??.??"]
[WhiteTeam "Schachunion Berlin e.V."]
[BlackTeam "Sfrd. Berlin 1903 e.V."]

1. e4 e6 2. d4 d5 3. exd5 exd5 4. Nf3 Bd6 5. c4 dxc4 6. Bxc4 Nf6 7. O-O O-O 8.
Nc3 h6 9. Be3 Bg4 10. Be2 c6 11. Nd2 Bxe2 12. Qxe2 Nbd7 13. h3 Nb6 14. Nf3 Re8
15. b3 Nbd5 16. Nxd5 Nxd5 17. Qd3 Qf6 18. Bc1 Re7 19. Bb2 Nf4 20. Qb1 Nxh3+ 21.
gxh3 Qxf3 22. Qd1 Qxh3 23. f4 Re3 0-1

[Event "13. Lichtenberger Sommer"]
[Site "?"]
[Date "2014.08.16"]
[Round "1.67"]
[White "Bankmann, Daniel"]
[Black "Aizpurua Zufiria, Inaki"]
[Result "1-0"]
[WhiteElo "1931"]
[BlackElo "1545"]
[PlyCount "101"]
[EventDate "2014.??.??"]
[WhiteTeam "SC 1934 Gelnhausen"]

1. e4 c5 2. Nf3 e6 3. d4 cxd4 4. Nxd4 a6 5. Nc3 Qc7 6. Bd3 Nf6 7. O-O Be7 8.
Be3 Nc6 9. Kh1 d5 10. exd5 exd5 11. h3 O-O 12. Qd2 b5 13. Rfe1 Re8 14. Nxc6
Qxc6 15. Bd4 Bb7 16. Qg5 h6 17. Qf5 Bc8 18. Qf3 Bb7 19. Ne2 Rad8 20. Ng3 Bc8
21. c3 Be6 22. Re2 Nh7 23. Rae1 Bc5 24. Be5 Bd6 25. Bd4 Bc5 26. Be5 Bd6 27. Nf5
Bxe5 28. Rxe5 Nf6 29. Nxh6+ Kf8 30. Nf5 Bxf5 31. Qxf5 Rxe5 32. Rxe5 Re8 33. f4
Rxe5 34. Qxe5 Qe6 35. Qxe6 fxe6 36. Kg1 Ke7 37. Kf2 Kd6 38. Ke3 e5 39. a4 exf4+
40. Kxf4 Kc5 41. axb5 axb5 42. Kg5 d4 43. cxd4+ Kxd4 44. Bxb5 Ke5 45. Kg6 Nd5
46. Kxg7 Nf4 47. Bc6 Kd6 48. Bf3 Ke5 49. h4 Ne6+ 50. Kf7 Nf4 51. h5 1-0

[Event "13. Lichtenberger Sommer"]
[Site "?"]
[Date "2014.08.16"]
[Round "1.68"]
[White "Glase, Johan"]
[Black "Oswald, Michael"]
[Result "0-1"]
[WhiteElo "1689"]
[BlackElo "2129"]
[PlyCount "56"]
[EventDate "2014.??.??"]
[WhiteTeam "Schachunion Berlin e.V."]
[BlackTeam "1. Schachclub Anhalt"]

1. d4 f5 2. e3 Nf6 3. Bd3 e6 4. Nd2 d5 5. f3 c5 6. c3 Nc6 7. Ne2 e5 8. dxe5
Nxe5 9. Bb1 Bd6 10. O-O O-O 11. e4 fxe4 12. fxe4 Neg4 13. Nf3 Be6 14. h3 dxe4
15. Ng5 Bh2+ 16. Kh1 Nf2+ 17. Kxh2 Nxd1 18. Nxe6 Qd6+ 19. N2f4 Rfe8 20. a3 c4
21. Kg1 e3 22. Ba2 b5 23. Nd4 a6 24. Nd3 e2 25. Nxe2 Rxe2 26. Rxd1 Kh8 27. Nf2
Qg3 28. Rf1 Ne4 0-1

[Event "13. Lichtenberger Sommer"]
[Site "?"]
[Date "2014.08.16"]
[Round "1.69"]
[White "Pluska, Alexander"]
[Black "Pöcheim, Stephan"]
[Result "1-0"]
[WhiteElo "1899"]
[BlackElo "1530"]
[PlyCount "69"]
[EventDate "2014.??.??"]
[WhiteTeam "SK Doppelbauer Kiel"]
[BlackTeam "Sfrd. Berlin 1903 e.V."]

1. d4 Nf6 2. c4 g6 3. Nc3 Bg7 4. e4 d6 5. Nf3 O-O 6. Be2 Bg4 7. Be3 Nbd7 8. O-O
e5 9. d5 Nb6 10. Nd2 Qd7 11. f3 h5 12. fxg4 hxg4 13. Bg5 Nh7 14. Be3 f5 15. c5
Nc8 16. Nb3 Qe7 17. Rc1 f4 18. cxd6 Nxd6 19. Bc5 Qh4 20. Bxg4 Nf6 21. Be6+ Kh7
22. Rf3 Bh6 23. Nd2 Nh5 24. Bxd6 cxd6 25. Nb5 Qd8 26. Rc7+ Ng7 27. Kh1 a6 28.
Rd7 Qb6 29. Nxd6 Qxb2 30. Rh3 b5 31. Nf3 g5 32. Nxg5+ Kg6 33. Bf5+ Nxf5 34.
Qh5+ Kf6 35. Qxh6+ 1-0

[Event "13. Lichtenberger Sommer"]
[Site "?"]
[Date "2014.08.16"]
[Round "1.70"]
[White "Becker, Uwe"]
[Black "Mai, Andreas"]
[Result "0-1"]
[WhiteElo "1743"]
[BlackElo "1998"]
[PlyCount "106"]
[EventDate "2014.??.??"]
[WhiteTeam "SV Glück auf Rüdersdorf e.V."]
[BlackTeam "SC Friesen Lichtenberg e.V."]

1. f4 d6 2. Nf3 Nf6 3. d3 Nc6 4. g3 g6 5. Bg2 Bg7 6. c3 O-O 7. O-O e5 8. e4 Bg4
9. Qb3 Qc8 10. Be3 Rb8 11. Nbd2 exf4 12. gxf4 Bh3 13. Ng5 Bxg2 14. Kxg2 Qg4+
15. Kh1 Qe2 16. Rae1 Qxd3 17. Qc4 Qxc4 18. Nxc4 h6 19. e5 Ng4 20. Nf3 Nxe3 21.
Rxe3 b5 22. Ncd2 dxe5 23. fxe5 Rfe8 24. Rfe1 Re6 25. Nb3 Bf8 26. Nfd4 Nxd4 27.
cxd4 c6 28. Rc1 Rd8 29. Rec3 c5 30. Nxc5 Bxc5 31. Rxc5 Rxd4 32. Rxb5 Re4 33.
Rcc5 a6 34. Rb8+ Kg7 35. Rc7 R4xe5 36. Rbb7 Rf5 37. a4 h5 38. b4 Re4 39. a5 h4
40. Rc3 g5 41. h3 Rf2 42. Kg1 Rb2 43. Rf3 Re1+ 44. Rf1 Rxf1+ 45. Kxf1 Kg6 46.
b5 axb5 47. a6 Ra2 48. a7 b4 49. Ke1 b3 50. Kd1 f5 51. Kc1 g4 52. hxg4 f4 53.
Rxb3 Rxa7 0-1

[Event "13. Lichtenberger Sommer"]
[Site "?"]
[Date "2014.08.16"]
[Round "1.71"]
[White "Poseck, Steffen"]
[Black "Koerber, Bernhard"]
[Result "1-0"]
[WhiteElo "2019"]
[BlackElo "1640"]
[PlyCount "35"]
[EventDate "2014.??.??"]
[WhiteTeam "BSV 63 Chemie Weißensee"]
[BlackTeam "SG Lasker Steglitz-Wilmersdorf"]

1. d4 Nf6 2. Bg5 Ne4 3. Bh4 d5 4. f3 Nd6 5. Nc3 c6 6. e4 dxe4 7. fxe4 Qb6 8.
Rb1 e6 9. Nf3 Na6 10. Be2 Nc7 11. Bf2 Ncb5 12. Nxb5 Nxb5 13. O-O Nd6 14. Bd3
Bd7 15. c4 Qc7 16. c5 Nc8 17. Bg3 Qd8 18. Ne5 1-0

[Event "13. Lichtenberger Sommer"]
[Site "?"]
[Date "2014.08.16"]
[Round "1.72"]
[White "Kuhr, Stefan"]
[Black "Richter, Götz"]
[Result "0-1"]
[WhiteElo "1611"]
[BlackElo "2028"]
[PlyCount "72"]
[EventDate "2014.??.??"]
[WhiteTeam "SC Zugzwang 95 e.V."]
[BlackTeam "Klub Kölner Schachfreunde e.V. 1"]

1. c4 e5 2. Nc3 Nc6 3. g3 g6 4. Bg2 Bg7 5. d3 Nd4 6. e3 Ne6 7. Nge2 Ne7 8. O-O
h5 9. d4 h4 10. g4 h3 11. Bh1 d6 12. d5 Nf8 13. Ng3 Rh4 14. e4 Bxg4 15. f3 Bd7
16. Kf2 Ng8 17. Rg1 Bh6 18. Nge2 a6 19. Bxh6 Rxh6 20. Qd2 Qh4+ 21. Ng3 Qf4 22.
Qxf4 exf4 23. Nge2 Rh4 24. b4 f6 25. Nd4 g5 26. Rae1 Nh6 27. c5 Nf7 28. c6 bxc6
29. dxc6 Be6 30. Nf5 Rh7 31. Nd5 Bxd5 32. exd5+ Ne5 33. a3 Nfg6 34. Nd4 Ne7 35.
Ne6 Nxd5 36. Rd1 Ne3 0-1

[Event "13. Lichtenberger Sommer"]
[Site "?"]
[Date "2014.08.16"]
[Round "1.73"]
[White "Sabrowski, Uwe"]
[Black "Pöltelt, Helmut"]
[Result "1-0"]
[WhiteElo "2097"]
[BlackElo "1745"]
[PlyCount "68"]
[EventDate "2014.??.??"]
[WhiteTeam "SC Friesen Lichtenberg e.V."]
[BlackTeam "SC Eintracht Berlin e.V."]

1. d4 Nf6 2. c4 e6 3. Nc3 Bb4 4. e3 Ne4 5. Qc2 Nxc3 6. bxc3 Be7 7. Bd3 h6 8.
Nf3 b6 9. Be4 d5 10. cxd5 exd5 11. Bd3 O-O 12. Ne5 Bb7 13. O-O Nd7 14. f4 Nxe5
15. fxe5 c5 16. Qf2 Bc8 17. Qf3 f5 18. Qh5 Qd7 19. Bd2 c4 20. Bc2 Qe6 21. Rf2
Qf7 22. Qxf7+ Rxf7 23. Raf1 g6 24. e4 dxe4 25. Bxe4 fxe4 26. Rxf7 Ba3 27. Bxh6
Bf5 28. Rg7+ Kh8 29. Rc7 b5 30. Bg5 Bf8 31. g4 Bxg4 32. Rf4 Bh5 33. Rff7 a5 34.
Rh7+ Kg8 1-0

[Event "13. Lichtenberger Sommer"]
[Site "?"]
[Date "2014.08.16"]
[Round "1.74"]
[White "Tschirschwitz, Stephan"]
[Black "Steiner, Wolfram"]
[Result "1/2-1/2"]
[WhiteElo "1604"]
[BlackElo "1995"]
[PlyCount "119"]
[EventDate "2014.??.??"]
[WhiteTeam "SG Lasker Steglitz-Wilmersdorf"]
[BlackTeam "SG Lasker Steglitz-Wilmersdorf"]

1. d4 d5 2. c4 c6 3. e3 Nf6 4. Nc3 e6 5. Bd3 Nbd7 6. Nf3 dxc4 7. Bxc4 b5 8. Bd3
Bb7 9. O-O a6 10. Ne4 Nxe4 11. Bxe4 Nf6 12. Bc2 c5 13. dxc5 Qxd1 14. Bxd1 Bxc5
15. b3 O-O 16. Ne5 Rfd8 17. Bf3 Bxf3 18. Nxf3 Ne4 19. Bb2 f6 20. Rfd1 e5 21. a3
a5 22. Rac1 b4 23. a4 Bf8 24. h3 Nc5 25. Nd2 Rd3 26. Kf1 Rad8 27. Ke2 Kf7 28.
Nc4 Rxd1 29. Rxd1 Rxd1 30. Kxd1 Nxb3 31. Kc2 Nc5 32. Nxa5 Nxa4 33. Kb3 Nxb2 34.
Kxb2 e4 35. Kb3 f5 36. Nc6 Kf6 37. Nxb4 Bxb4 38. Kxb4 g5 39. Kc4 Ke5 40. Kc3 h5
41. Kd2 h4 42. Ke2 g4 43. f3 exf3+ 44. gxf3 g3 45. Ke1 Kd5 46. Ke2 Kc4 47. e4
Kd4 48. exf5 Ke5 49. f4+ Kxf5 50. Kf3 Ke6 51. Kg2 Kd5 52. Kf3 Kd4 53. Kg2 Ke4
54. f5 Kxf5 55. Kf3 Ke5 56. Ke3 Kd5 57. Kf3 Kd4 58. Kg2 Ke3 59. Kf1 Kf3 60. Kg1
1/2-1/2

[Event "13. Lichtenberger Sommer"]
[Site "?"]
[Date "2014.08.16"]
[Round "1.75"]
[White "Jaeger, Andre"]
[Black "Lange, Cecilia"]
[Result "1-0"]
[WhiteElo "1977"]
[BlackElo "1553"]
[PlyCount "99"]
[EventDate "2014.??.??"]
[WhiteTeam "SC Rochade e.V."]
[BlackTeam "TSG Oberschöneweide e.V."]

1. d4 Nf6 2. c4 c5 3. Nf3 cxd4 4. Nxd4 g6 5. Nc3 Bg7 6. g3 O-O 7. Bg2 Nc6 8. c5
Nxd4 9. Qxd4 Rb8 10. Qf4 Ra8 11. O-O Nh5 12. Qc4 d6 13. Rd1 Qc7 14. Nd5 Qxc5
15. Qxc5 dxc5 16. Nxe7+ Kh8 17. Nxc8 Raxc8 18. Bxb7 Rb8 19. Bf3 Nf6 20. Rb1
Rfc8 21. Bf4 Rb4 22. b3 a5 23. Rdc1 a4 24. Bd2 Rb6 25. bxa4 Nd7 26. Rxb6 Nxb6
27. a5 Nd7 28. Bb7 Rb8 29. a6 Nb6 30. Ba5 Na8 31. Rxc5 Bd4 32. Bc3 Bxc3 33.
Rxc3 Kg7 34. Rc8 Rxc8 35. Bxc8 Kf6 36. Bb7 Nc7 37. a7 Ke6 38. a8=Q Nxa8 39.
Bxa8 Kd6 40. e4 Kc5 41. f4 Kb4 42. Kf2 Ka3 43. Bd5 f6 44. e5 fxe5 45. fxe5 Kb4
46. e6 Ka4 47. Ke3 Kb4 48. Kd4 Ka4 49. e7 Kb4 50. e8=Q 1-0

[Event "13. Lichtenberger Sommer"]
[Site "?"]
[Date "2014.08.16"]
[Round "1.76"]
[White "Wilke, Hans-Peter"]
[Black "Kievelitz, Bernd"]
[Result "0-1"]
[WhiteElo "1474"]
[BlackElo "1998"]
[PlyCount "90"]
[EventDate "2014.??.??"]
[WhiteTeam "SVG Läufer Reinickendorf e.V."]
[BlackTeam "SC Zitadelle Spandau 1977 e.V."]

1. b4 e6 2. Bb2 Nf6 3. b5 b6 4. e3 c5 5. Nf3 Bb7 6. c4 Be7 7. Be2 O-O 8. O-O
Qc7 9. d3 d6 10. Nbd2 Nbd7 11. a4 a5 12. Qc2 d5 13. d4 Bd6 14. cxd5 exd5 15.
dxc5 bxc5 16. h3 Rfe8 17. Rfe1 c4 18. Nd4 Nc5 19. Nf5 Be5 20. Bxe5 Qxe5 21. Nd4
Nfe4 22. N4f3 Qf6 23. Bf1 Bc8 24. Nxe4 Nxe4 25. Nd4 Re5 26. f4 Re8 27. Rad1 Bb7
28. Be2 Nc5 29. Bf3 Nd3 30. Re2 g6 31. Kh2 Qd6 32. g3 Qa3 33. f5 Re5 34. fxg6
hxg6 35. Nc6 Bxc6 36. bxc6 Rc8 37. Bxd5 Rxd5 38. Qxc4 Qd6 39. Qa6 Rxc6 40. Qa8+
Kg7 41. Red2 Rc3 42. Qb7 Qe5 43. Qb1 Nb4 44. Rxd5 Nxd5 45. Qb2 Rxe3 0-1

[Event "13. Lichtenberger Sommer"]
[Site "?"]
[Date "2014.08.16"]
[Round "1.77"]
[White "Sappok, Marius"]
[Black "Radloff, Rainer"]
[Result "1-0"]
[WhiteElo "2003"]
[BlackElo "1706"]
[PlyCount "75"]
[EventDate "2014.??.??"]
[WhiteTeam "SC Zugzwang 95 e.V."]
[BlackTeam "SC Weisse Dame e.V."]

1. d4 d5 2. c4 e6 3. Nf3 Nf6 4. Nc3 Be7 5. Bf4 a6 6. c5 O-O 7. e3 Nh5 8. Bd3
Nxf4 9. exf4 b5 10. b4 Bf6 11. Ne5 Bb7 12. a3 g6 13. O-O Nc6 14. Be2 Nxe5 15.
fxe5 Bg7 16. Qc2 Qe7 17. Nb1 f6 18. f4 fxe5 19. dxe5 Bc6 20. Nd2 Bh6 21. g3 g5
22. Nf3 Be8 23. fxg5 Bg6 24. Qd2 Bg7 25. Qd4 Rf7 26. h4 Raf8 27. Nh2 Rf5 28.
Ng4 c6 29. Nf6+ Kh8 30. Bg4 Rxf1+ 31. Rxf1 h6 32. h5 Be4 33. Qe3 Bf5 34. Bxf5
exf5 35. Rxf5 hxg5 36. Qxg5 Bxf6 37. Rxf6 Rg8 38. Rh6+ 1-0

[Event "13. Lichtenberger Sommer"]
[Site "?"]
[Date "2014.08.16"]
[Round "1.78"]
[White "Günther, Boris"]
[Black "Reiche, Henry"]
[Result "0-1"]
[WhiteElo "1538"]
[BlackElo "1992"]
[PlyCount "66"]
[EventDate "2014.??.??"]
[WhiteTeam "SF Friedrichshagen"]
[BlackTeam "SC Zugzwang 95 e.V."]

1. d4 Nf6 2. c4 c5 3. d5 b5 4. cxb5 a6 5. f3 axb5 6. e4 d6 7. Bxb5+ Bd7 8. Qd3
g6 9. Ne2 Bg7 10. O-O Bxb5 11. Qxb5+ Nbd7 12. Nbc3 O-O 13. f4 Qc7 14. Qd3 c4
15. Qc2 Qb6+ 16. Kh1 Ng4 17. Nd1 Rfc8 18. Rf3 Qa6 19. h3 Ngf6 20. Ra3 Qb5 21.
Rxa8 Rxa8 22. Nd4 Qa6 23. Nc3 Nc5 24. a4 Nfxe4 25. Nxe4 Bxd4 26. Nd2 Nb3 27.
Nxb3 cxb3 28. Qd1 Qc4 29. Ra3 Rxa4 30. Rxb3 Ra1 31. Rb8+ Kg7 32. Rc8 Qxc8 33.
Qxd4+ f6 0-1

[Event "13. Lichtenberger Sommer"]
[Site "?"]
[Date "2014.08.16"]
[Round "1.79"]
[White "Hörmann, David"]
[Black "Theilig, Reinhard"]
[Result "1-0"]
[WhiteElo "1983"]
[BlackElo "1675"]
[PlyCount "85"]
[EventDate "2014.??.??"]
[WhiteTeam "SC Weisse Dame e.V."]
[BlackTeam "VfB Hermsdorf e.V."]

1. e4 d6 2. d4 Nf6 3. Nc3 g6 4. Bc4 Bg7 5. Be3 O-O 6. f3 c6 7. Qd2 b5 8. Bb3 a5
9. a4 b4 10. Nce2 Ba6 11. g4 Nbd7 12. Bh6 Bxh6 13. Qxh6 Kh8 14. h4 Ng8 15. Qe3
e6 16. g5 Ne7 17. h5 Kg7 18. Qf2 d5 19. Qh4 Rh8 20. h6+ Kf8 21. Qf4 Qb8 22. Nh3
Bxe2 23. Kxe2 Qxf4 24. Nxf4 Rb8 25. Nd3 Nc8 26. Rab1 Nd6 27. Ke3 Ke7 28. c3
bxc3 29. bxc3 Nc4+ 30. Bxc4 dxc4 31. Nf2 Rb3 32. Rxb3 cxb3 33. Rb1 Rb8 34. Nd3
Nb6 35. Nc5 b2 36. Kd3 Nd7 37. Nxd7 Kxd7 38. Kc2 Kd6 39. Rxb2 Rxb2+ 40. Kxb2 c5
41. Kb3 cxd4 42. cxd4 e5 43. d5 1-0